University Home | Library Home | Institutional Repository

Plasminogen activators : (Record no. 31941)

MARC details
000 -LEADER
fixed length control field 00706cam9a220020500 4500
005 - DATE AND TIME OF LATEST TRANSACTION
control field 20190814095907.0
008 - FIXED-LENGTH DATA ELEMENTS--GENERAL INFORMATION
fixed length control field 040517
020 ## - INTERNATIONAL STANDARD BOOK NUMBER
International Standard Book Number 088167656X
035 ## - SYSTEM CONTROL NUMBER
System control number (Sirsi) a146905
050 #0 - LIBRARY OF CONGRESS CALL NUMBER
Classification number QP93.5
Item number PLA 1991
245 10 - TITLE STATEMENT
Title Plasminogen activators :
Remainder of title from cloning to therapy /
Statement of responsibility, etc. editors: R. Abbate, T. Barni, A. Tsafriri.
260 ## - PUBLICATION, DISTRIBUTION, ETC.
Place of publication, distribution, etc. New York:
Name of publisher, distributor, etc. Raven Press,
Date of publication, distribution, etc. 1991.
350 ## - PRICE (NR) (BK AM CF MU VM SE) [OBSOLETE]
Price 100
440 #0 - SERIES STATEMENT/ADDED ENTRY--TITLE
Title Serono Symposia Publications from Raven Press
Linkage S20669.1
504 ## - BIBLIOGRAPHY, ETC. NOTE
Bibliography, etc. note Includes bibliographical references and index
650 #0 - SUBJECT ADDED ENTRY--TOPICAL TERM
Topical term or geographic name entry element Plasminogen activators
Linkage S88208.1
700 00 - ADDED ENTRY--PERSONAL NAME
Personal name Abbate, R.
Linkage A117546.1
700 00 - ADDED ENTRY--PERSONAL NAME
Personal name Barni, T.
Linkage A117547.1
700 00 - ADDED ENTRY--PERSONAL NAME
Personal name Tsafriri, A.
Linkage A117548.1
Holdings
Withdrawn status Lost status Source of classification or shelving scheme Damaged status Not for loan Home library Current library Shelving location Total Checkouts Full call number Barcode Date last seen Copy number Price effective from Koha item type
    Library of Congress Classification     Medical Library Medical Library On Shelf   33729005809160 146905-2001 08/13/2019 1 08/13/2019 Book
© 2026 - The University of Zambia Library - Koha v25.11